000 00543nam a2200193 u 4500
005 20210223131359.0
008 100909s2004 r 000 0 eng d
020 _a8489804869
035 _aUPN01000177764
049 _aCG
050 4 _aQB36 G2
_bT3.3
100 1 _aTaylor, Ina
_934238
245 1 0 _aGalileo :
_bguía para jóvenes /
_cIna Taylor ; Carlos Olalla Linares.
260 _aSalamanca, Esp. :
_bLóguez,
_c2004.
300 _a93 p.
600 0 4 _aGALILEO,
_d1564-1642
650 4 _aASTRONOMIA -
_xHISTORIA
_98512
905 _aLibro
999 _c149867
_d149867